000 00656cam a22002413a 4500
001 14079
003 PGUSA
005 20140828083313.0
008 041118s2004||||xxu|||||s|||||000 1 eng d
040 _aPGUSA
_beng
042 _adc
050 4 _aPS
100 1 _aRice, Alice Caldwell Hegan,
_d1870-1942
245 1 0 _aSandy
_h[electronic resource] /
_cAlice Caldwell Hegan Rice
260 _bProject Gutenberg,
_c2004
506 _aPublic domain in the USA.
516 _aElectronic text
653 _aFiction
653 _aAdventure stories
830 0 _aProject Gutenberg
_v14079
856 4 0 _uhttp://www.gutenberg.org/ebooks/14079
942 _cEB
999 _c243334
_d243334